| 000 | 01277nam a22003257a 4500 | ||
|---|---|---|---|
| 001 | 7379 | ||
| 003 | FISKH | ||
| 005 | 20250711104034.0 | ||
| 008 | 250711b cb ||||| |||| 00| 0 eng d | ||
| 020 | _a9780894803437 | ||
| 040 |
_aFISKH _beng _cFISKH _dFISKH |
||
| 050 | _aQK475 .B43 | ||
| 082 | _a582.16 | ||
| 100 | _aBeame, Rona | ||
| 245 |
_aBackyard explorer leaf & tree guide / _cBy Rona Beame : Illustrated by Lionel Kalish |
||
| 260 |
_aNew York : _bWorkman Publishing , _c1989. |
||
| 300 |
_a64 pages : _bcolor illustrations , mpas ; _c20 cm . |
||
| 505 | _aH | ||
| 520 | _aDiscusses the types and life cycle of trees and how their leaves function, explains how to collect and preserve leaves, and suggests leaf and tree projects for the entire year, including making bark rubbings and an autumn collage. | ||
| 521 | 8 |
_a430
_bLexile estimate |
|
| 521 | 8 |
_aH
_bRaz-Plus |
|
| 650 |
_aTrees _vJuvenile Literature |
||
| 650 |
_aLeaves _vJuvenile Literature |
||
| 650 |
_aLeaves - collection and preservation _vJuvenilie Literature |
||
| 650 |
_aSeeds - collection and preservation _vJuvenilie Literature |
||
| 650 |
_aNature-craft _vJuvenilie Literature |
||
| 700 |
_aKalish, Lionel _eIllustrator |
||
| 942 |
_2ddc _cBK _n0 |
||
| 999 |
_c7379 _d7379 |
||